| 000 | 00596nam a2200181Ia 4500 | ||
|---|---|---|---|
| 008 | 151202s9999||||xx |||||||||||||| ||und|| | ||
| 082 | _bPNVM-54611 | ||
| 100 | _aकुलकर्णी जी.ए | ||
| 245 | _aकुसुम गुंजा. | ||
| 260 | _b"परचुरे प्रकाशन मंदिर,मुबंई." | ||
| 260 | _c1989 | ||
| 300 | _a131 | ||
| 600 | _aकुलकर्णी जी.ए | ||
| 630 | _aकुसुम गुंजा. | ||
| 700 | _aकुलकर्णी जी.ए | ||
| 730 | _aकुसुम गुंजा. | ||
| 942 | _cBOOK | ||
| 999 |
_c1321150 _d1321147 |
||